header

Final report (Record no. 60020)

MARC details
000 -LEADER
fixed length control field 01065nam a2200253Ia 4500
245 00 - TITLE STATEMENT
Title Final report
260 ## - PUBLICATION, DISTRIBUTION, ETC. (IMPRINT)
Place of publication Washington, DC :
Name of publisher Environmental Law Institute,
Year of publication 2002.
300 ## - PHYSICAL DESCRIPTION
Number of Pages v, [140] p.
650 #0 - SUBJECT ADDED ENTRY--TOPICAL TERM
Topical Term Environmental law
Topical Term Environmental law, International.
856 40 - ELECTRONIC LOCATION AND ACCESS
Uniform Resource Identifier http://site.ebrary.com/lib/rucke/Doc?id=10040012

No items available.

© 2026 Rongo University
Contact us: librarian | system librarian | Rongo university